Entry Personal Name
Number of records used in: 1
001 - CONTROL NUMBER
003 - CONTROL NUMBER IDENTIFIER
005 - DATE AND TIME OF LATEST TRANSACTION
- control field:
20230902141841.0
008 - FIXED-LENGTH DATA ELEMENTS
- fixed length control field:
880317n| acannaabn |a aaa
010 ## - LIBRARY OF CONGRESS CONTROL NUMBER
- LC control number:
n 88065870
035 ## - SYSTEM CONTROL NUMBER
- System control number:
(OCoLC)oca02291021
040 ## - CATALOGING SOURCE
- Original cataloging agency:
DLC
- Language of cataloging:
eng
- Transcribing agency:
DLC
- Modifying agency:
OCoLC
100 1# - HEADING--PERSONAL NAME
- Personal name:
Frisch, Ragnar,
- Dates associated with a name:
1895-1973
400 1# - SEE FROM TRACING--PERSONAL NAME
- Control subfield:
nna
- Personal name:
Frisch, Ragnar Anton Kittil,
- Dates associated with a name:
1895-1973
670 ## - SOURCE DATA FOUND
- Source citation:
Andvig, J.C. Ragnar Frisch and the Great Depression, 1984?
670 ## - SOURCE DATA FOUND
- Source citation:
LC data base, 3-10-88
- Information found:
(hdg.: Frisch Ragnar Anton Kittil, 1895-1973; usage: Ragnar Frisch)